000 00710nam a2200241Ia 4500
003 OSt
005 20220926012902.0
006 a|||||r|||| 00| 0
007 ta
008 220923b |||||||| |||| 00| 0 eng d
020 _a1572304006
_c
_42.00
037 _b9070, 29/03/2001, SBD
_cGeneral Book
040 _aRTL
_cRTL
_beng
041 _2eng
_aeng
082 _aS:86, N8
100 _aFollette Victoria M Ed.
245 0 _aCognitive behavioral therapies for trauma
260 _aNew York
_bGuilford Press U S A
_c1998
300 _axii,431p.
_ccm.
650 _aPsychology
942 _hS:86, N8
_cGB
_2CC
999 _c624594
_d624594